00477 2200193 4500001002100000005001500021008004100036020002200077035001900099041000700118082000900125090001600134100001600150700001500166245002500181260002800206300001900234650003000253INLIS00000000002492320241224131824241224||||||||| | ||| |||| || |  a978-623-206-026-5 0010-1224024923 aid0 aNONE a741.5 NUR b0 aNurul Ikoma0 aAlvin Adhi00aBerdoa Setelah Wudhu aSolobTiga Anandac2019 a32 hlm.; 24 cm 0aKomik -- cerita bergambar